Aguila o sol

Bewaard in:
Bibliografische gegevens
Hoofdauteur: Paz, Octavio
Formaat: Boek
Taal:Undetermined
Gepubliceerd in: México, Distrito Federal Fondo de Cultura Económica 1992
Editie:2
Onderwerpen:
Tags: Voeg label toe
Geen labels, Wees de eerste die dit record labelt!

MARC

LEADER 00000nam a2200000Ia 4500
008 170316s9999 xx 000 0 und d
040 |a cru BVZT 
090 |a 860 P-13a 
100 |a Paz, Octavio 
245 |a Aguila o sol 
250 |a 2 
260 |a México, Distrito Federal 
260 |b Fondo de Cultura Económica 
260 |c 1992 
300 |a 118 páginas 
650 |a LITERATURA LATINOAMERICANA 
999 |c 9050  |d 9050 
942 |c 15 D  |h 860 P-13a  |2 z